Normale Ansicht MARC-Ansicht ISBD

Bevor ein Kind geboren wird (Titelsatznr. 80489)

[ MARC ]
MARC-Details
000 -Satzkennung
Kontrollfeld mit fester Länge 01005cam a22003132 4500
001 - Kontrollnummer
Kontrollfeld 1111498822
003 - Kontrollnummer Identifier
Kontrollfeld DE-627
005 - Datum und Zeit der letzten Transaktion
Kontrollfeld 20201230092455.0
007 - Feld mit fester Länge zur physischen Beschreibung - Allgemeine Information
Kontrollfeld mit fester Länge tu
008 - Feld mit fester Länge zur physischen Beschreibung - Allgemeine Angaben
Kontrollfeld mit fester Länge 941014s1973 xx ||||| 00| ||ger c
035 ## - Systemkontrollnummer
System-Kontrollnummer (DE-627)1111498822
035 ## - Systemkontrollnummer
System-Kontrollnummer (DE-576)041498828
035 ## - Systemkontrollnummer
System-Kontrollnummer (DE-599)BSZ041498828
035 ## - Systemkontrollnummer
System-Kontrollnummer (OCoLC)73050044
040 ## - Katalogisierungsquelle
Original-Katalogisierungsstelle DE-627
Katalogisierungssprache ger
Übertragungsstelle DE-627
Beschreibungsfestlegungen rakwb
Bearbeitungsstelle STAFF
041 ## - Sprachcode
Sprachcode des Textes/der Tonspur oder des separaten Titels ger
084 ## - Andere Notation
Notation DX 4740
Quelle der Nummer rvk
IDN des Normdatensatzes oder Standardnummer (DE-625)rvk/20339:267
100 1# - Haupteintragung - Personenname
Personenname Brückner, Heinrich
Datumsangaben in Verbindung mit einem Namen 1928-
IDN des Normdatensatzes oder Standardnummer (DE-588)105137286
-- (DE-627)582061857
-- (DE-576)160450586
Code für Beziehungskennzeichnung aut
245 10 - Titel
Titel Bevor ein Kind geboren wird
Verfasserangabe etc. Heinrich Brückner. [Ill. Gerhard Preuß]
250 ## - Ausgabebezeichnung
Ausgabebezeichnung 7. Aufl.
264 #1 - Produktion, Veröffentlichung, Distribution, Herstellung und Urheberrechtsvermerk
Herstellungs-, Veröffentlichungs- Vertriebs-, Erzeugungsort Berlin
Produzent, Herausgeber, Distributor, Hersteller Kinderbuchverlag
Datum der Herstellung, der Veröffentlichung, des Vertriebs oder des Urheberschutzvermerks 1973
300 ## - Physische Beschreibung
Umfang 62 S.
Andere physische Details Ill.
336 ## - Inhaltstyp
Inhaltstypterm Text
Inhaltstypcode txt
Quelle rdacontent
337 ## - Medientyp
Bezeichnung des Medientyps ohne Hilfsmittel zu benutzen
Medientypcode n
Quelle rdamedia
338 ## - Datenträgertyp
Datenträgertypbezeichnung Band
Datenträgertypcode nc
Quelle rdacarrier
500 ## - Allgemeine Fußnote
Allgemeine Fußnote Erläuterungen u.d.T.: Brückner, Heinrich: Wenn dein Kind dich fragt
951 ## - EQUIVALENCE OR CROSS-REFERENCE--GEOGRAPHIC NAME/AREA NAME [OBSOLETE] [CAN/MARC only]
Geografischer Name BO
942 ## - Zusätzliche Felder (Koha)
Klassifikation oder Aufstellungssystematik Andere/Generische Klassifikation
Koha-Medientyp Bücher
Exemplare
Ausgeschieden Verloren Klassifikation oder Aufstellungssystematik Beschädigt Nicht entleihbar Heimatbibliothek Aufenthaltsbibliothek Aufstellungsort Erwerbungsdatum Anzahl Ausleihen Signatur Letzte Aktivität Exemplarnummer Preis gültig von Koha-Medientyp
    Andere/Generische Klassifikation     Stadtarchiv Frankfurt (Oder) | Archivbibliothek Stadtarchiv Frankfurt (Oder) | Archivbibliothek Magazin 30/12/2020   II: 4956 30/12/2020 164/2020 30/12/2020 Bücher